00908nam a2200217 a 450000100060000000300080000600500170001400800410003103500190007204000350009104100080012608200250013410000240015924501700018326000940035330000370044750201000048450400340058465000310061870000410064983950BD-RjUL20240701120506.0240701s2010 bg a|||| m||| 00| 0 eng d a(BD-RjUL)83950 aBD-RjULbengcBD-RjULdBD-RjUL aeng 223a636.21bISE 2010 aIslam, Md. Akhtarul10aEvaluation of Productive and Reproductive Status of Indigenous and Crossbred Dairy Cows in Bangladesh /cBy Md. Akhtarul Islam ;6Supervisor : Md. Jalal Uddin Sarder aRajshahi :bDepartment of Husbandry and Veterinary Science, University of Rajshahi,c2010 axi, 231 Leaves :bill, ;c29 cm. aThesis (Ph. D.) -- Department of Husbandry and Veterinary Science, University of Rajshahi, 2010 aReferences : Leaves [210]-227 aCattle vAnimal Husbandry  aSarder, Md. Jalal Uddin, Supervisor